बिजूखा / (Record no. 113187)

MARC details
000 -LEADER
fixed length control field 00999nam a22002777a 4500
003 - CONTROL NUMBER IDENTIFIER
control field dpl
005 - DATE AND TIME OF LATEST TRANSACTION
control field 20180905142330.0
008 - FIXED-LENGTH DATA ELEMENTS--GENERAL INFORMATION
fixed length control field 180905b xxu||||| |||| 00| 0 eng d
010 ## - LIBRARY OF CONGRESS CONTROL NUMBER
LC control number A-692238
020 ## - INTERNATIONAL STANDARD BOOK NUMBER
Terms of availability 65.00
035 ## - SYSTEM CONTROL NUMBER
System control number A-692238, A-692246
037 ## - SOURCE OF ACQUISITION
Source of stock number/acquisition Cen Lib/Ret
040 ## - CATALOGING SOURCE
Original cataloging agency DPL
Language of cataloging HN
Transcribing agency 0
082 ## - DEWEY DECIMAL CLASSIFICATION NUMBER
Classification number
Item number पालीवा
100 ## - MAIN ENTRY--PERSONAL NAME
Personal name पालीवाल, दिनेश
9 (RLIN) 51032
245 ## - TITLE STATEMENT
Title बिजूखा /
Statement of responsibility, etc दिनेश पांडेय
246 ## - VARYING FORM OF TITLE
Title proper/short title Bijukha /
Remainder of title by Dinesh Paliwal
260 ## - PUBLICATION, DISTRIBUTION, ETC. (IMPRINT)
Place of publication, distribution, etc दिल्ली
Name of publisher, distributor, etc पल्लव प्रकाशन
Date of publication, distribution, etc 1993
270 ## - ADDRESS
City दिल्ली
Address मालीवाडा, नयी सड़क
Postal code 110006
300 ## - PHYSICAL DESCRIPTION
Extent 144पृ.
Dimensions 17सेमी (सजिल्द)
650 ## - SUBJECT ADDED ENTRY--TOPICAL TERM
Topical term or geographic name as entry element हिन्दी साहित्य
9 (RLIN) 51033
650 ## - SUBJECT ADDED ENTRY--TOPICAL TERM
Topical term or geographic name as entry element कहानियां
9 (RLIN) 51034
650 ## - SUBJECT ADDED ENTRY--TOPICAL TERM
Topical term or geographic name as entry element Hindi literature
9 (RLIN) 51035
650 ## - SUBJECT ADDED ENTRY--TOPICAL TERM
Topical term or geographic name as entry element Stories
9 (RLIN) 7500
942 ## - ADDED ENTRY ELEMENTS (KOHA)
Source of classification or shelving scheme Dewey Decimal Classification
Koha item type Hindi Books
Classification part
Call number suffix पालीवा
Holdings
Withdrawn status Lost status Damaged status Not for loan Home library Current library Date acquired Source of acquisition Cost, normal purchase price Total Checkouts Full call number Barcode Date last seen Copy number Cost, replacement price Price effective from Koha item type Public note Source of classification or shelving scheme Collection code
Written off       Central Library Central Library 11/08/2015 Cen Lib/Ret 65.00   क पालीवा A-692238 11/08/2015 1 65.00 11/08/2015 Hindi Books Written off on approval by DLB (By Circulation); dtd 20.12.2022    
Written off       Central Library Central Library 12/10/2016   65.00   क पालीवा A-692237 12/10/2016 2   12/10/2016 Hindi Books Written off on approval by DLB (By Circulation); dtd 20.12.2022 Dewey Decimal Classification  
        Shahdara Branch Shahdara Branch 05/09/2018 BPPD/PUB 65.00   क पालीवा A-692246 05/09/2018   65.00 05/09/2018 Hindi Books   Dewey Decimal Classification Fiction

© Delhi Public Library
Hit Counter
free hit counter